000 00735nam a2200241Ia 4500
005 20260430150427.0
008 008 250103s9999 xx 000 0 eng d
037 _aTheses
040 _aCRL
040 _beng
040 _ceng
041 _2eng
041 _aeng
084 _qCRL
100 _aTanwar Anshul Au.; Gulati Kavita Gu.
_91237472
245 0 _aEffects of Withania Somnifera Extract on Experimental Model of Type 2 Diabetes Mellitus Associated Cognition Deficit and the Possible Mechanisms in Rats
260 _c2022
300 _a176p.
650 _aPharmacology
700 _aUniversity of Delhi. Faculty of Medical Sciences. Deptt. of Pharmacology
_91237473
942 _cTH
999 _c1849755
_d1849755